| 000 | | | 04156nmc2a22000003x 450 |
| 001 | | | 4599aa24-3cae-46c5-92b0-b06d28045bc7 |
| 005 | | | 20210203163740.0 |
| 100 | ## | $a | 20190702l18991901k l0rusy0189 ca |
| 101 | 0# | $a | rus |
| | $a | fre |
| 102 | ## | $a | RU |
| 200 | 1# | $a | Стихотворения В.Н. Муравьева "На 19 октября" (ежегодные - "На 19 октября 1899 г.", "На 19 октября 1900 г." и т.д.) и на темы жизни лицеистов |
| | $j | 1899-1901 гг. |
| 251 | ## | $c | Дело |
| 300 | ## | $a | Творческие материалы Валериана Николаевича Муравьева (1885-1919) |
| 300 | ## | $a | Автограф (беловик, черновик, наброски); печатное |
| 300 | ## | $a | Рисунки автора пером, в том числе карикатура на преподавателя английского языка Болтона |
| 300 | ## | $a | На русском и французском языках |
| 801 | #0 | $a | RU |
| | $b | РГИА |
| | $c | 20190702 |
| | $g | RCR |
| 801 | #1 | $a | RU |
| | $b | ГлавНИВЦ |
| | $c | 20190702 |
| | $2 | rusmarc |
| 801 | #2 | $a | RU |
| | $b | ПБ им. Б.Н. Ельцина |
| | $c | 20210203 |
| | $g | RCR |
| | $2 | rusmarc |
| 850 | ## | $a | РГИА |
| 852 | ## | $a | РГИА |
| | $e | Федеральное казенное учреждение "Российский государственный исторический архив" (РГИА) |
| | $j | 270 |
| 937 | ## | $h | РГИА |
| | $d | 12275579 |
| | $a | ASBIBLIO_SCAN |
| 462 | #0 | $1 | 001550f2e1e-efd2-42d6-8fd6-6c66e8002a35 |
| | $1 | 2001 |
| | $a | 1789-1919 гг. |
| | $1 | 251 |
| | $c | Опись |
| | $1 | 852 |
| | $j | 1 |
| 461 | #0 | $1 | 001e55ac5ec-b2ce-4102-abdd-bfb64c8f26c6 |
| | $1 | 2001 |
| | $a | Муравьевы |
| | $1 | 251 |
| | $c | Фонд |
| | $1 | 852 |
| | $j | 995 |
| 215 | ## | $a | 34 л. |
| | $c | рис. |
| | $d | 37х26,5 см |
| 371 | ## | $a | Документ не является опубликованным и широко распространяемым |
| 105 | ## | $a | a### |
| 122 | 2# | $a | d |
| 035 | ## | $a | 4599aa24-3cae-46c5-92b0-b06d28045bc7 |
| 856 | ## | $u | http://readingroom.main.prlib.ru/item.aspx?id_node=n156145565&mode=full |